00342 2200145 4500001002100000005001500021035002000036245004900056100001500105300001100120260003100131082000800162084001400170990001200184INLIS00000000000210520250527100934 a0010-05250003971 aDikasihi Allah Disukai Manusia /cAli Nurdin0 aAli Nurdin a61 hlm aJakarta :bErlangga,c2002 a200 a200 ALI d a0713121